Statistieken voor Noem de Bijbelboeken van het Oude Testament - Bijbel Quiz

Klik hier om de quiz te nemen!

Algemene statistieken

  • Deze quiz is 35 keer genomen
  • De gemiddelde score is 21 van 39

Antwoordstatistieken

Antwoord% Correct
Genesis
100%
Exodus
94%
Job
78%
Psalmen
78%
1 Koningen
72%
2 Koningen
72%
Leviticus
72%
Numeri
72%
Deuteronomium
67%
1 Kronieken
61%
2 Kronieken
61%
Esther
61%
Jeremia
61%
1 Samuel
56%
2 Samuel
56%
Hooglied
56%
Jesaja
56%
Jona
56%
Richteren
56%
Habakuk
50%
Klaagliederen
50%
Nehemia
50%
Ruth
50%
Spreuken
50%
Daniel
44%
Jozua
44%
Prediker
44%
Zacharia
44%
Amos
39%
Ezechiel
39%
Ezra
39%
Hosea
39%
Maleachi
39%
Micha
39%
Obadja
39%
Nahum
33%
Haggai
28%
Joel
28%
Zefanja
17%

Scoreverdeling

Percentiel versus Aantal Correcte Antwoorden

Procent van Mensen met Elke Score

Uw Scoregeschiedenis

U heeft deze quiz nog niet genomen